[Event "Solingen Karneval op"]
[Site "Solingen"]
[Date "2017.02.26"]
[Round "5"]
[White "Kutzner, Joachim"]
[Black "Flesch, Stefan"]
[Result "0-1"]
[WhiteElo "2043"]
[BlackElo "2073"]
[PlyCount "94"]
[EventDate "2017.02.24"]
[EventType "swiss"]
[EventRounds "5"]
[EventCountry "GER"]
[SourceTitle "EXT 2018"]
[Source "ChessBase"]
[SourceDate "2017.10.13"]
[SourceVersion "1"]
[SourceVersionDate "2017.10.13"]
[SourceQuality "1"]

1. e4 g6 2. Nc3 Bg7 3. Bc4 e6 4. a4 Ne7 5. d3 d5 6. Bb3 Na6 7. Qf3 Nc5 8. Bg5 Nxb3 9. cxb3 d4 10. Bf6 0-0 11. Nb5 Bxf6 12. Qxf6 Nc6 13. Qxd8 Rxd8 14. Nxc7 Rb8 15. Nb5 e5 16. Nf3 Be6 17. Nd2 a6 18. Nc7 Bd7 19. Ke2 Ne7 20. Nc4 Rbc8 21. Nd5 Nxd5 22. exd5 b5 23. Nb6 Rc2+ 24. Kf3 Bf5 25. Rhd1 h5 26. h3 h4 27. axb5 axb5 28. g4 hxg3 29. Kxg3 Rd6 30. Ra8+ Kg7 31. Rb8 Rxb2 32. f4 Re2 33. fxe5 Rxe5 34. Ra1 g5 35. Raa8 Re3+ 36. Kg2 Rxd3 37. Rg8+ Kf6 38. Nc8 Bxh3+ 39. Kh2 Bxc8 40. Raxc8 Rxd5 41. Rc7 Re3 42. Rh8 d3 43. Rh7 d2 44. Rhxf7+ Ke5 45. Rf1 d1Q 46. Re7+ Kd6 47. Rxd1 Rxe7 0-1

[Event "Solingen-ch"]
[Site "Solingen"]
[Date "2015.09.18"]
[Round "2"]
[White "Flesch, Stefan"]
[Black "Brinkmann, Katharina"]
[Result "1-0"]
[WhiteElo "2073"]
[BlackElo "1763"]
[PlyCount "55"]
[EventDate "2015.09.04"]
[EventType "swiss"]
[EventRounds "7"]
[EventCountry "GER"]
[SourceTitle "EXT 2018"]
[Source "ChessBase"]
[SourceDate "2017.10.13"]
[SourceVersion "1"]
[SourceVersionDate "2017.10.13"]
[SourceQuality "1"]

1. d4 e6 2. c4 d5 3. Nc3 Nf6 4. Bg5 Bb4 5. e3 0-0 6. Nf3 c5 7. Rc1 Nbd7 8. cxd5 exd5 9. Qc2 Qb6 10. Be2 Ne4 11. 0-0 Nxg5 12. Nxg5 Qh6 13. Nf3 Nf6 14. dxc5 Bxc5 15. Nxd5 Nxd5 16. Qxc5 Be6 17. a3 Qf6 18. Qd4 Qh6 19. Rfd1 Nf6 20. Qe5 Bg4 21. h3 Bxf3 22. Bxf3 Rae8 23. Qd4 b6 24. Rc7 Re6 25. Rxa7 Rc8 26. Ra8 Rxa8 27. Bxa8 Re8 28. Qxb6 1-0

[Event "Solingen Karneval op"]
[Site "Solingen"]
[Date "2014.03.02"]
[Round "5"]
[White "Heinert, Eugen"]
[Black "Flesch, Stefan"]
[Result "1/2-1/2"]
[WhiteElo "2169"]
[BlackElo "2106"]
[PlyCount "122"]
[EventDate "2014.02.28"]
[EventType "swiss"]
[EventRounds "5"]
[EventCountry "GER"]
[SourceTitle "EXT 2016"]
[Source "ChessBase"]
[SourceDate "2015.10.08"]
[SourceVersion "1"]
[SourceVersionDate "2015.10.08"]
[SourceQuality "1"]

1. d4 g6 2. e4 Bg7 3. Nc3 d6 4. Nf3 a6 5. Be3 e6 6. Bd3 Ne7 7. 0-0 Nd7 8. Qd2 h6 9. Ne2 b6 10. c4 Bb7 11. Nc3 c5 12. Rad1 Qc7 13. a3 Rd8 14. d5 e5 15. Ne1 g5 16. b4 Ng6 17. g3 Bc8 18. Rb1 0-0 19. Ng2 Nf6 20. f3 Bh3 21. Rb3 Rb8 22. Rfb1 Nd7 23. Na4 b5 24. Nb2 bxc4 25. Nxc4 cxb4 26. axb4 f5 27. Na5 fxe4 28. Bxe4 Ne7 29. Rc3 Qd8 30. Nc6 Qe8 31. Nxb8 Nxb8 32. Rc7 Nf5 33. Rbc1 Nd4 34. Bxd4 exd4 35. Ra7 Qa4 36. Rcc7 Be5 37. Rh7 Qa1+ 38. Ne1 d3 39. Rxh6 Qd4+ 40. Kh1 Qxa7 41. Qxg5+ Bg7 42. Bh7+ Kf7 43. Qg6+ Ke7 44. Qxd6+ Ke8 45. Bg6+ Rf7 46. Rh4 Nd7 47. Nxd3 Kd8 48. Re4 Rf8 49. Nc5 Qc7 50. Qxc7+ Kxc7 51. Ne6+ Bxe6 52. dxe6 Nf6 53. e7 Nxe4 54. exf8Q Nxg3+ 55. hxg3 Bxf8 56. Bd3 Kb6 57. f4 Bxb4 58. g4 Bd2 59. f5 Bg5 60. Kg2 Kc5 61. Bxa6 Kd4 1/2-1/2

[Event "Solingen Karneval op"]
[Site "Solingen"]
[Date "2013.02.10"]
[Round "5"]
[White "Flesch, Stefan"]
[Black "Keymer, Vincent"]
[Result "1-0"]
[WhiteElo "2098"]
[BlackElo "1793"]
[PlyCount "115"]
[EventDate "2013.02.08"]
[EventType "swiss"]
[EventRounds "5"]
[EventCountry "GER"]
[SourceTitle "EXT 2015"]
[Source "ChessBase"]
[SourceDate "2014.11.20"]
[SourceVersion "1"]
[SourceVersionDate "2014.11.20"]
[SourceQuality "1"]

1. d4 d5 2. c4 c6 3. Nf3 Nf6 4. Nc3 e6 5. e3 Nbd7 6. Qc2 Be7 7. Bd3 a6 8. b3 b6 9. 0-0 Bb7 10. Bb2 h6 11. Qe2 0-0 12. Rac1 c5 13. Rfd1 cxd4 14. exd4 Bd6 15. Ne5 Qe7 16. f4 Rfc8 17. Bb1 a5 18. Nb5 Ne4 19. Nxd6 Qxd6 20. Qh5 Qe7 21. Ba3 Qe8 22. f5 Ndf6 23. Qh3 exf5 24. Qxf5 Qe6 25. Bxe4 Nxe4 26. Qxe6 fxe6 27. Nd7 Ra6 28. cxd5 exd5 29. Rf1 Kh7 30. Nf8+ Kg8 31. Ng6 Rc3 32. Ne7+ Kh7 33. Bb2 Rxc1 34. Rxc1 Ra8 35. Rc7 Ba6 36. Nxd5 Rf8 37. Ne3 Rf2 38. Rc2 Rf7 39. Nc4 Rc7 40. Rc1 Rc6 41. d5 Rg6 42. Re1 Nc5 43. Rd1 Bb7 44. Ne3 Nd7 45. Rc1 Nc5 46. Bd4 Nd3 47. Rc7 Ba6 48. Rc6 Bb5 49. Rxb6 Rxb6 50. Bxb6 a4 51. bxa4 Bxa4 52. a3 Ne5 53. Bd4 Nd7 54. Kf2 Kg6 55. Ke2 h5 56. Kd3 Kf7 57. Kc4 g6 58. Kb4 1-0

[Event "Solingen Karneval op"]
[Site "Solingen"]
[Date "2013.02.09"]
[Round "3"]
[White "Flesch, Stefan"]
[Black "Javakhadze, Zurab"]
[Result "1/2-1/2"]
[WhiteElo "2098"]
[BlackElo "2449"]
[PlyCount "64"]
[EventDate "2013.02.08"]
[EventType "swiss"]
[EventRounds "5"]
[EventCountry "GER"]
[SourceTitle "EXT 2015"]
[Source "ChessBase"]
[SourceDate "2014.11.20"]
[SourceVersion "1"]
[SourceVersionDate "2014.11.20"]
[SourceQuality "1"]

1. d4 Nf6 2. c4 e6 3. Nc3 d5 4. Bg5 Nbd7 5. cxd5 exd5 6. e3 c6 7. Nf3 Be7 8. Bd3 Nf8 9. Qc2 Ne6 10. Bh4 g6 11. 0-0 0-0 12. Rab1 a5 13. a3 Ng7 14. b4 Nf5 15. Bxf6 Bxf6 16. b5 Qd6 17. bxc6 bxc6 18. Na4 Ne7 19. Qc5 Qc7 20. Qb6 Qd6 21. Qc5 Qxc5 22. Nxc5 Be6 23. Rb6 Rfc8 24. Rc1 Rc7 25. Na6 Rca7 26. Nc5 Bd7 27. Rcb1 Bc8 28. Bc2 Kg7 29. Kf1 Ba6+ 30. Bd3 Bc8 31. Bc2 Ba6+ 32. Bd3 Bc8 1/2-1/2

[Event "Solingen Karneval op"]
[Site "Solingen"]
[Date "2012.02.18"]
[Round "3"]
[White "Flesch, Stefan"]
[Black "Schuelke, Tilman"]
[Result "1/2-1/2"]
[WhiteElo "2110"]
[BlackElo "2005"]
[PlyCount "29"]
[EventDate "2012.02.17"]
[EventType "swiss"]
[EventRounds "5"]
[EventCountry "GER"]
[SourceTitle "EXT 2015"]
[Source "ChessBase"]
[SourceDate "2014.11.20"]
[SourceVersion "1"]
[SourceVersionDate "2014.11.20"]
[SourceQuality "1"]

1. d4 d6 2. g3 g6 3. Bg2 Bg7 4. c3 e5 5. dxe5 dxe5 6. Qxd8+ Kxd8 7. Na3 Nd7 8. Nf3 Nb6 9. Bg5+ Ne7 10. Rd1+ Bd7 11. 0-0 h6 12. Bc1 c6 13. c4 Kc7 14. b3 Be6 15. Bb2 1/2-1/2

[Event "Solingen Karneval op"]
[Site "Solingen"]
[Date "2011.03.06"]
[Round "4"]
[White "Flesch, Stefan"]
[Black "Fichtner, Ewald"]
[Result "1/2-1/2"]
[WhiteElo "2103"]
[BlackElo "1970"]
[PlyCount "78"]
[EventDate "2011.03.04"]
[EventType "swiss"]
[EventRounds "5"]
[EventCountry "GER"]
[SourceTitle "EXT 2015"]
[Source "ChessBase"]
[SourceDate "2014.11.20"]
[SourceVersion "1"]
[SourceVersionDate "2014.11.20"]
[SourceQuality "1"]

1. d4 d5 2. c4 c6 3. Nf3 Nf6 4. Nc3 dxc4 5. a4 Bf5 6. e3 e6 7. Bxc4 Bb4 8. 0-0 0-0 9. Qe2 Bg4 10. Rd1 Qa5 11. Qc2 Bxf3 12. gxf3 Nbd7 13. e4 Rfd8 14. Be3 Nf8 15. e5 Nd5 16. Nxd5 cxd5 17. Bd3 Rdc8 18. Qb3 Rc7 19. Kf1 Rac8 20. Ke2 Nd7 21. Bd2 Bxd2 22. Rxd2 Qb6 23. Qxb6 Nxb6 24. b3 Nd7 25. Raa2 Nb8 26. Bc2 Nc6 27. Bd1 Nb4 28. Ra1 Rc3 29. a5 h6 30. Ra4 Na6 31. Rd3 Rxd3 32. Kxd3 Kh7 33. Kd2 Kg6 34. Be2 Nb8 35. b4 Kg5 36. b5 Nd7 37. Ra1 h5 38. Rg1+ Kh6 39. f4 g6 1/2-1/2

[Event "Solingen Karneval op"]
[Site "Solingen"]
[Date "2011.03.06"]
[Round "5"]
[White "Hollender, Christoph"]
[Black "Flesch, Stefan"]
[Result "1/2-1/2"]
[WhiteElo "1832"]
[BlackElo "2103"]
[PlyCount "87"]
[EventDate "2011.03.04"]
[EventType "swiss"]
[EventRounds "5"]
[EventCountry "GER"]
[SourceTitle "EXT 2015"]
[Source "ChessBase"]
[SourceDate "2014.11.20"]
[SourceVersion "1"]
[SourceVersionDate "2014.11.20"]
[SourceQuality "1"]

1. d4 g6 2. c4 Bg7 3. Nf3 d6 4. Nc3 c6 5. e3 Nf6 6. Be2 0-0 7. 0-0 Nbd7 8. b3 a6 9. Bb2 b5 10. Qc2 Bb7 11. Nd2 b4 12. Nce4 a5 13. Bf3 Qc7 14. Nxf6+ Nxf6 15. Ne4 Nxe4 16. Bxe4 Qd7 17. Bf3 d5 18. cxd5 cxd5 19. Rfc1 Rfc8 20. Qd2 e6 21. Be2 Bf8 22. Rxc8 Rxc8 23. Rc1 Bd6 24. Rxc8+ Qxc8 25. Qc1 Qb8 26. g3 f5 27. f4 h6 28. Qc2 Qe8 29. Bd3 Qc6 30. Qxc6 Bxc6 31. h4 g5 32. hxg5 hxg5 33. Kf2 gxf4 34. gxf4 Be7 35. Kg3 Be8 36. Be2 Kh7 37. Bc1 Kh6 38. Bd2 Bh5 39. Bxh5 Kxh5 40. Kg2 Kg4 41. Be1 Bf6 42. Bg3 Bh4 43. Bxh4 Kxh4 44. Kh2 1/2-1/2

[Event "Solingen Karneval op"]
[Site "Solingen"]
[Date "2010.02.14"]
[Round "4"]
[White "Flesch, Stefan"]
[Black "Maczkowiak, Thomas"]
[Result "1/2-1/2"]
[WhiteElo "2134"]
[BlackElo "1943"]
[PlyCount "63"]
[EventDate "2010.02.12"]
[EventType "swiss"]
[EventRounds "5"]
[EventCountry "GER"]
[SourceTitle "CBM 134 Extra"]
[Source "ChessBase"]
[SourceDate "2010.03.03"]
[SourceVersion "1"]
[SourceVersionDate "2010.03.03"]
[SourceQuality "1"]

1. d4 Nf6 2. c4 g6 3. Nc3 d5 4. e3 Bg7 5. Qb3 dxc4 6. Bxc4 0-0 7. Nf3 Nc6 8. Be2 Na5 9. Qc2 c5 10. dxc5 Be6 11. Nd4 Bd5 12. Nxd5 Nxd5 13. 0-0 e5 14. Nb3 Nb4 15. Qd2 Nxb3 16. axb3 a5 17. e4 Qc7 18. Qd6 Qxd6 19. cxd6 Nc2 20. Rb1 Nd4 21. Bc4 Rad8 22. Bg5 Rd7 23. Rfd1 h6 24. Be7 Re8 25. Kf1 Bf8 26. Bd5 Bxe7 27. dxe7 Rexe7 28. Rbc1 Rc7 29. Rxc7 Rxc7 30. f4 Nc2 31. Kf2 exf4 32. Rc1 1/2-1/2

[Event "NRW Class 0506 playoff"]
[Site "Germany"]
[Date "2006.05.21"]
[Round "10.8"]
[White "Flesch, Stefan"]
[Black "Kemmerling, Alexander"]
[Result "1-0"]
[WhiteElo "2112"]
[BlackElo "1890"]
[PlyCount "137"]
[EventDate "2006.05.21"]
[EventType "team"]
[EventRounds "1"]
[EventCountry "GER"]
[SourceTitle "CBM 112 Extra"]
[Source "ChessBase"]
[SourceDate "2006.07.14"]
[SourceVersion "1"]
[SourceVersionDate "2006.07.14"]
[SourceQuality "1"]
[WhiteTeam "Duesseldorf II"]
[BlackTeam "Koeln Porz III"]
[WhiteTeamCountry "GER"]
[BlackTeamCountry "GER"]

1. d4 g6 2. Nf3 Bg7 3. c4 d6 4. Nc3 Nd7 5. e3 e5 6. Be2 c6 7. 0-0 Nh6 8. Ne4 Nf5 9. dxe5 Nxe5 10. Nxe5 Bxe5 11. f4 Bg7 12. g4 d5 13. cxd5 Qxd5 14. Qxd5 cxd5 15. Nc3 Ne7 16. Rd1 Be6 17. Nb5 0-0 18. Bf3 Rfd8 19. Nd4 Rac8 20. Bd2 Rc4 21. Bc3 a6 22. Be2 Rcc8 23. Rd2 Nc6 24. Rad1 Nxd4 25. Bxd4 Bxd4 26. Rxd4 Rc2 27. R1d2 Rdc8 28. Bf3 R8c5 29. Kf2 b5 30. a3 R5c4 31. Be2 Rc5 32. Kg3 Kg7 33. Bf3 Kf6 34. g5+ Ke7 35. h4 f5 36. h5 Rxd2 37. Rxd2 Kd6 38. hxg6 hxg6 39. Rh2 a5 40. Be2 b4 41. axb4 axb4 42. Bd3 Rc7 43. Kf3 Rc8 44. Rh6 Rg8 45. Ke2 Rg7 46. Bb5 Bd7 47. Bxd7 Kxd7 48. Kd3 Kd6 49. Rh8 Re7 50. Ra8 Kc5 51. Ra6 Rg7 52. Ra5+ Kc6 53. Kd4 Re7 54. Ra6+ Kb5 55. Rxg6 Re4+ 56. Kxd5 Rxe3 57. Re6 Rb3 58. Re2 Rd3+ 59. Ke5 Kc4 60. Kxf5 b3 61. g6 Rd5+ 62. Kf6 Kd3 63. Re6 Rd4 64. f5 Kc2 65. g7 Rg4 66. Kf7 Kxb2 67. g8Q Rxg8 68. Kxg8 Kc2 69. Rb6 1-0

[Event "NRW Class1 0506"]
[Site "Germany"]
[Date "2006.03.05"]
[Round "7.5"]
[White "Flesch, Stefan"]
[Black "Mroczek, Mathias"]
[Result "1-0"]
[WhiteElo "2112"]
[BlackElo "2143"]
[PlyCount "61"]
[EventDate "2005.09.25"]
[EventType "team"]
[EventRounds "9"]
[EventCountry "GER"]
[SourceTitle "EXT 2006"]
[Source "ChessBase"]
[SourceDate "2005.11.24"]
[SourceVersion "1"]
[SourceVersionDate "2005.11.24"]
[SourceQuality "1"]
[WhiteTeam "Duesseldorf II"]
[BlackTeam "Muelheim Nord II"]
[WhiteTeamCountry "GER"]
[BlackTeamCountry "GER"]

1. d4 e6 2. Nf3 f5 3. c4 Nf6 4. e3 d5 5. Bd3 c6 6. 0-0 Bd6 7. b3 Qe7 8. Bb2 0-0 9. Qc1 a5 10. Ba3 Bxa3 11. Qxa3 Qxa3 12. Nxa3 Ne4 13. Nc2 Nd7 14. a3 b6 15. Rfc1 Bb7 16. Nce1 Rfc8 17. b4 axb4 18. axb4 c5 19. cxd5 Bxd5 20. Rxa8 Bxa8 21. Bb5 Ndf6 22. Nd3 Kf8 23. bxc5 bxc5 24. dxc5 Ke7 25. Nfe5 Nd5 26. Ra1 Kf6 27. h4 Nec3 28. Ra7 Nc7 29. Ba6 N3b5 30. Bxb5 Be4 31. Bd7 1-0

[Event "NRW Class1 0506"]
[Site "Germany"]
[Date "2006.01.08"]
[Round "5.7"]
[White "Flesch, Stefan"]
[Black "Horstmann, Olaf"]
[Result "1/2-1/2"]
[WhiteElo "2112"]
[BlackElo "2212"]
[PlyCount "46"]
[EventDate "2005.09.25"]
[EventType "team"]
[EventRounds "9"]
[EventCountry "GER"]
[SourceTitle "EXT 2006"]
[Source "ChessBase"]
[SourceDate "2005.11.24"]
[SourceVersion "1"]
[SourceVersionDate "2005.11.24"]
[SourceQuality "1"]
[WhiteTeam "Duesseldorf II"]
[BlackTeam "Godesberg II"]
[WhiteTeamCountry "GER"]
[BlackTeamCountry "GER"]

1. d4 f5 2. g3 Nf6 3. Bg2 g6 4. Nf3 Bg7 5. 0-0 0-0 6. c4 d6 7. Nc3 Nc6 8. d5 Na5 9. Nd2 c5 10. Qc2 e5 11. a3 b6 12. b4 Nb7 13. Nb3 e4 14. f3 Qe7 15. Ra2 exf3 16. exf3 Bd7 17. b5 Rfe8 18. Qd3 a6 19. Re2 Qf7 20. bxa6 Rxa6 21. Rfe1 Rxe2 22. Rxe2 Ra8 23. Bf1 Re8 1/2-1/2

[Event "NRW Class1 0506"]
[Site "Germany"]
[Date "2005.10.09"]
[Round "2.6"]
[White "Flesch, Stefan"]
[Black "Peters, Ortwin"]
[Result "1/2-1/2"]
[WhiteElo "2112"]
[BlackElo "2113"]
[PlyCount "35"]
[EventDate "2005.09.25"]
[EventType "team"]
[EventRounds "9"]
[EventCountry "GER"]
[SourceTitle "EXT 2006"]
[Source "ChessBase"]
[SourceDate "2005.11.24"]
[SourceVersion "1"]
[SourceVersionDate "2005.11.24"]
[SourceQuality "1"]
[WhiteTeam "Duesseldorf II"]
[BlackTeam "Solingen III"]
[WhiteTeamCountry "GER"]
[BlackTeamCountry "GER"]

1. d4 d5 2. Nf3 Nf6 3. e3 e6 4. Bd3 Nbd7 5. b3 Be7 6. 0-0 b6 7. Ne5 Nxe5 8. dxe5 Nd7 9. Bb2 Bb7 10. Qg4 g6 11. Nd2 Nc5 12. Be2 f5 13. exf6 Bxf6 14. Bxf6 Qxf6 15. Nf3 0-0 16. Qg3 Rac8 17. Qe5 Nd7 18. Qxf6 1/2-1/2